00603cam a22001812 4500001001100000005001700011008004100028020002600069040001500095100003500110245009400145250001300239260005300252300002100305650002700326700003400353700003400387000000915720151217154409.0080908s xx 000 0 eng d a0130840904 :cKES 800 aKABUcKABU1 aBrown, Theodore L.@000016022610aChemistry :bthe central science /cTheodore L. Brown, H. Eugene LeMay, Bruce E. Bursten. a8th ed. aUpper Saddle River, NJ. :bPrentice-Hall,c2000. axxxiii, 1023 p. 0aChemistry.@00001482021 aLeMay, H. Eugene.@00001602271 aBursten, Bruce E.@0000160228